000
00324nam a22001457a 4500
003
SGT
020
_a
978-3-8365-0995-4
082
_a
747.0954
_b
TAS
100
_a
TASCHEN, ANGELIKA
245
_a
INDIAN INTERIORS
260
_a
H.K.
_b
TASCHEN PUB.
_c
2009
300
_a
279
650
_a
INDIAN INTERIORS
942
_2
ddc
_c
BK
999
_c
33213
_d
33213